| 000 | 00759 a2200205 4500 | ||
|---|---|---|---|
| 010 | _aENG-89283 | ||
| 020 |
_a8176487414 _c895.00 |
||
| 035 | _aEN-72816 | ||
| 037 | _bDBAD / PUB | ||
| 082 | 1 | 4 | _a363.73874 |
| 090 |
_c10695 _d10695 |
||
| 100 | 1 | _aAgarwal, S.K. | |
| 245 | 1 |
_aGlobal warming and climate change: _b(past, present & future)/ _cby S.K.Agarwal |
|
| 260 |
_aNew Delhi _bAPH Publishing Corporation _c2008 |
||
| 270 |
_a4435-36/7, Ansari Road, Darya Ganj, _bNew Delhi _cDelhi _e110002 _k23274050 |
||
| 300 |
_avi, 364 p.: _bill. _c22 cm ( Hb.) |
||
| 500 | _aIncludes bibliographical references and index | ||
| 942 |
_adpl _cEN _k363.73874/ AGA |
||
| 999 |
_c10400 _d10400 |
||